<?xml version="1.0" encoding="UTF-8"?>
<collection xmlns:xsi="http://www.w3.org/2001/XMLSchema-instance" xsi:schemaLocation="http://www.loc.gov/MARC21/slim http://www.loc.gov/standards/marcxml/schema/MARC21slim.xsd" xmlns="http://www.loc.gov/MARC21/slim">
 <record>
  <leader>00000cam a22000004a 4500</leader>
  <controlfield tag="001">UP-99796217610538615</controlfield>
  <controlfield tag="003">Buklod</controlfield>
  <controlfield tag="005">20121127143436.0</controlfield>
  <controlfield tag="006">aa    r     ||| u </controlfield>
  <controlfield tag="007">ta</controlfield>
  <controlfield tag="008">121127s2007    xx     d     r    |||| u|</controlfield>
  <datafield tag="020" ind1=" " ind2=" ">
   <subfield code="a">9780801886447 (hbk. : alk. paper)</subfield>
  </datafield>
  <datafield tag="035" ind1=" " ind2=" ">
   <subfield code="a">(iLib)UPD-00191510360</subfield>
  </datafield>
  <datafield tag="040" ind1=" " ind2=" ">
   <subfield code="a">DLC</subfield>
   <subfield code="d">DECON</subfield>
  </datafield>
  <datafield tag="041" ind1="0" ind2=" ">
   <subfield code="a">eng</subfield>
  </datafield>
  <datafield tag="042" ind1=" " ind2=" ">
   <subfield code="a">DMLUC</subfield>
  </datafield>
  <datafield tag="090" ind1=" " ind2=" ">
   <subfield code="a">HV 4131.85 A5</subfield>
   <subfield code="b">I63 2007</subfield>
  </datafield>
  <datafield tag="245" ind1="0" ind2="4">
   <subfield code="a">The Inclusive city</subfield>
   <subfield code="b">infrastructure and public services for the urban poor in Asia</subfield>
   <subfield code="c">edited by Aprodicio A. Laquian, Vinod Tewari, Lisa M. Hanley.</subfield>
  </datafield>
  <datafield tag="246" ind1="1" ind2=" ">
   <subfield code="a">Infrastructure and public services for the urban poor in Asia.</subfield>
  </datafield>
  <datafield tag="264" ind1=" " ind2="1">
   <subfield code="a">Washington</subfield>
   <subfield code="c">D.C.</subfield>
   <subfield code="b">Woodrow Wilson Center Press</subfield>
   <subfield code="c">c2007.</subfield>
  </datafield>
  <datafield tag="300" ind1=" " ind2=" ">
   <subfield code="a">xix, 341 p.</subfield>
   <subfield code="b">ill.</subfield>
  </datafield>
  <datafield tag="505" ind1="0" ind2=" ">
   <subfield code="a">Introduction: Inclusion and exclusion in Asian cities -- Who are the poor, and how are they served in Asian cities? / Aprodicio A. Laquian -- Improving housing and basic services for the urban poor in India / Vinod Tewari, Usha Raghupathi, and Jamal Husain Ansari -- Community upgrading and institutional capacity building for the urban poor in Asia / Basil van Horen -- Access and mobility for the urban poor in India / Madhav G. Badami, Geetam Tiwari, and Dinesh Mohan -- Balancing efficiency and equity in public transit in Pakistan / Murtaza Haider and Madhav G. Badami -- Urban transport in Chinese cities : the impact on the urban poor / Zhong-Ren Peng and Yi Zhu -- Public transit in Hong Kong : does it help the poor? / James Jixian Wang and Crystal Chan -- Solid waste management in Asian cities : implications for the urban poor / Virginia W. Maclaren, Nazrul Islam, and Salma A. Shafi -- The privatization of water services : effects on the urban poor in Jakarta and metro Manila / Teti Argo and Aprodicio A. Laquian -- The coordination of infrastructure and public services for the urban poor in Asia / Ellen Brennan-Galvin -- Municipal and metropolitan governance : are they relevant to the urban poor? / K.C. Sivaramakrishnan.</subfield>
  </datafield>
  <datafield tag="650" ind1=" " ind2="0">
   <subfield code="a">Urban poor</subfield>
   <subfield code="x">Services for</subfield>
   <subfield code="z">Asia.</subfield>
  </datafield>
  <datafield tag="650" ind1=" " ind2="0">
   <subfield code="a">Municipal services</subfield>
   <subfield code="z">Asia.</subfield>
  </datafield>
  <datafield tag="650" ind1=" " ind2="0">
   <subfield code="a">Basic needs</subfield>
   <subfield code="z">Asia.</subfield>
  </datafield>
  <datafield tag="650" ind1=" " ind2="0">
   <subfield code="a">Infrastructure (Economics)</subfield>
   <subfield code="z">Asia.</subfield>
  </datafield>
  <datafield tag="650" ind1=" " ind2="0">
   <subfield code="a">Community development, Urban</subfield>
   <subfield code="z">Asia.</subfield>
  </datafield>
  <datafield tag="700" ind1="1" ind2=" ">
   <subfield code="a">Laquian, Aprodicio A.</subfield>
  </datafield>
  <datafield tag="700" ind1="1" ind2=" ">
   <subfield code="a">Tewari, V. K.</subfield>
  </datafield>
  <datafield tag="700" ind1="1" ind2=" ">
   <subfield code="a">Hanley, Lisa M.</subfield>
  </datafield>
  <datafield tag="905" ind1=" " ind2=" ">
   <subfield code="a">FO</subfield>
  </datafield>
  <datafield tag="950" ind1=" " ind2=" ">
   <subfield code="a">Monograph</subfield>
  </datafield>
  <datafield tag="852" ind1="0" ind2=" ">
   <subfield code="a">UPD</subfield>
   <subfield code="b">DECON</subfield>
   <subfield code="h">HV 4131.85 A5</subfield>
   <subfield code="i">I63 2007</subfield>
  </datafield>
  <datafield tag="942" ind1=" " ind2=" ">
   <subfield code="a">Book</subfield>
  </datafield>
 </record>
</collection>
